|
|
|
|
| LEADER |
01762cas a2200241 a 4500 |
| 001 |
AALejournalIMF006134 |
| 008 |
230101c9999 xx r poo 0 0eng d |
| 020 |
|
|
|c 5.00 USD
|
| 020 |
|
|
|z 9781451823615
|
| 022 |
|
|
|a 1934-7685
|
| 040 |
|
|
|a BD-DhAAL
|c BD-DhAAL
|
| 110 |
2 |
|
|a International Monetary Fund.
|
| 245 |
1 |
0 |
|a Sri Lanka :
|b Request for Stand-By Arrangement -Staff Report; Staff Supplements; Press Release on the Executive Board Discussion; and Statement by the Executive Director for Sri Lanka.
|
| 264 |
|
1 |
|a Washington, D.C. :
|b International Monetary Fund,
|c 2009.
|
| 300 |
|
|
|a 1 online resource (92 pages)
|
| 490 |
1 |
|
|a IMF Staff Country Reports
|
| 500 |
|
|
|a <strong>Off-Campus Access:</strong> No User ID or Password Required
|
| 500 |
|
|
|a <strong>On-Campus Access:</strong> No User ID or Password Required
|
| 506 |
|
|
|a Electronic access restricted to authorized BRAC University faculty, staff and students
|
| 520 |
3 |
|
|a This paper discusses a request from the Sri Lankan authorities for a Stand-By Arrangement (SBA). The proposed SBA (of 400 percent of quota or SDR1.65 billion) would aim to smooth adjustment to the external shock that has hit the country, restore health to the country's public finances, allow for greater exchange rate flexibility, address weaknesses in the financial system, and protect the most vulnerable from the burden of the needed adjustment. In addition, the IMF program will provide a basis for the authorities to approach donors for supporting a longer-term reconstruction program.
|
| 538 |
|
|
|a Mode of access: Internet
|
| 830 |
|
0 |
|a IMF Staff Country Reports; Country Report ;
|v No. 2009/310
|
| 856 |
4 |
0 |
|z Full text available on IMF
|u http://elibrary.imf.org/view/journals/002/2009/310/002.2009.issue-310-en.xml
|z IMF e-Library
|